Handbook of multimodal and spoken dialogue systems : resources, terminology and product evaluation
Αποθηκεύτηκε σε:
| Άλλοι συγγραφείς: | , , |
|---|---|
| Μορφή: | Βιβλίο |
| Γλώσσα: | English |
| Δημοσίευση: |
Boston :
Kluwer Academic Publishers,
c2000
|
| Σειρά: | Kluwer international series in engineering and computer science
|
| Θέματα: | |
| Ετικέτες: |
Προσθήκη ετικέτας
Δεν υπάρχουν, Καταχωρήστε ετικέτα πρώτοι!
|
MARC
| LEADER | 00000nam a2200000 i 4500 | ||
|---|---|---|---|
| 001 | 1/19727 | ||
| 008 | 010615s2000 eng d | ||
| 020 | |a 0-7923-7904-7 | ||
| 035 | |l 10066958 | ||
| 040 | |a GR-MY-UA |b eng |e aacr | ||
| 041 | 0 | |a eng | |
| 082 | 0 | |a 006.35 | |
| 245 | 1 | 0 | |a Handbook of multimodal and spoken dialogue systems : |b resources, terminology and product evaluation / |c edited by Dafydd Gibbon, Inge Mertins and Roger K. Moore |
| 260 | |a Boston : |b Kluwer Academic Publishers, |c c2000 | ||
| 300 | |a xviii, 519 p.; |c 24 cm.+ |e 1 computer laser optical disc (4 3/4 in.) | ||
| 490 | 1 | |a Kluwer international series in engineering and computer science | |
| 504 | |a Includes bibliographical references and index | ||
| 650 | 0 | 0 | |a Natural language processing (Computer science) |
| 650 | 0 | 0 | |a Automatic speech recognition. |
| 700 | 1 | |a Gibbon, Dafydd. |4 edt | |
| 700 | 1 | |a Mertins, Inge |d 1964- |4 edt | |
| 700 | 1 | |a Moore, Roger |d 1952- |4 edt | |
| 830 | 0 | |a Kluwer international series in engineering and computer science | |
| 852 | |a INST |b SYROS |e 20010615 |h 006.35 HAN |p 005500001280 |q 005500001280 |t BK |y 0 | ||
| 852 | |a INST |b SYROS |e 20010618 |h 006.35 HAN |p 005500001273 |q 005500001273 |t BK |y 0 | ||
| 901 | |a BIBL5-2001-2 | ||
| 909 | |a Ε |b 088046 | ||
| 909 | |a Ε |b 086838 | ||
| 922 | |a 5ΕΛΗ |b 200105 |c ΓΡΑΦΙΚΩΝ ΤΕΧΝΩΝ |d ΜΙΧΑΛΟΠΟΥΛΟΣ | ||
| 950 | |a 183-2000-12-07 | ||
| 970 | |a ΚΡΗΤΙΚΟΥ |b ΘΩΜΑΙΣ |z 2001/05/18 | ||